Statistics for 東京メトロ副都心線クイズ

Click here to take the quiz!

General Stats

  • This quiz has been taken 108 times
  • The average score is 13 of 16

Answer Stats

駅番号% Correct
F01和光市駅
95%
F02地下鉄成増駅
92%
F09池袋駅
92%
F16渋谷駅
91%
F03地下鉄赤塚駅
89%
F15明治神宮前駅
88%
F06小竹向原駅
87%
F08要町駅
84%
F13新宿三丁目駅
84%
F07千川駅
80%
F12東新宿駅
79%
F11西早稲田駅
77%
F10雑司が谷駅
73%
F04平和台駅
71%
F05氷川台駅
69%
F14北参道駅
69%

Score Distribution

Percentile by Number Answered

Percent of People with Each Score

Your Score History

You have not taken this quiz